|
|
|
|
| LEADER |
00000nam a2200000Ii 4500 |
| 001 |
DIGUNAU0020 |
| 003 |
NyNyDIG |
| 006 |
m o d |
| 007 |
cr ||||||||||| |
| 008 |
130301s2011 ck a ob 000 0 spa d |
| 020 |
|
|
|z 9789588366210
|
| 020 |
|
|
|z 9588366216
|
| 035 |
|
|
|a (OCoLC)888283283
|
| 040 |
|
|
|a DGITA
|b eng
|e pn
|c DGITA
|
| 050 |
1 |
4 |
|a PQ7081 eBook
|
| 100 |
1 |
|
|a Alvarado Tenorio, Harold,
|d 1945-
|
| 245 |
1 |
0 |
|a Veinticinco conversaciones /
|c Harold Alvarado Tenorio.
|
| 250 |
|
|
|a 1. ed.
|
| 264 |
|
1 |
|a Medellín, Colombia :
|b Ediciones Universidad Autónoma Latinoamericana (UNAULA),
|c 2011.
|
| 300 |
|
|
|a 1 online resource (272 pages).
|
| 336 |
|
|
|a text
|b txt
|2 rdacontent
|
| 337 |
|
|
|a computer
|b c
|2 rdamedia
|
| 338 |
|
|
|a online resource
|b cr
|2 rdacarrier
|
| 490 |
1 |
|
|a Tierra baldía.
|
| 504 |
|
|
|a Includes bibliographical references (p. 269).
|
| 505 |
0 |
|
|a De la interviú -- Gregorio Prieto -- Jorge Luis Borges -- Paul Bowles -- Juan Liscano -- Alonso Zamora Vicente -- Pedro Gómez Valderrama -- Ángel González -- JM Caballero Bonald -- Rogelio Salmona -- Jaime Gil de Biedma -- Guillermo Cabrera Infante -- Alberto da Costa e Silva -- Francisco Brines -- Jaime Jaramillo Escobar -- Francisco Umbral -- Severo Sarduy -- Elkin Restrepo -- María Kodama -- Jorge Valderrama Restrepo -- Francisco Massiani -- Antonio Caballero Holguín -- Raúl Gómez Jattin -- Raúl Rivero Castañeda -- J.G. Cobo Borda -- Luís Antonio de Villena.
|
| 650 |
|
0 |
|a Authors, Latin American
|v Interviews.
|
| 655 |
|
0 |
|a Electronic books.
|
| 791 |
2 |
|
|a Digitalia (Firm),
|e distributor.
|
| 830 |
|
0 |
|a Tierra baldía.
|
| 793 |
0 |
|
|g Digitalia eBook Collection:
|a Ediciones UNAULA.
|
| 856 |
4 |
0 |
|3 Digitalia Hispánica
|u https://www.digitaliapublishing.com/a/17424/
|
| 910 |
|
|
|a Premium Collection: 2007-2012
|